000
00332nam a2200133Ia 4500
008
150301s2015 xx 000 0 und d
082
_a
661.01
_b
P06S
100
_a
NIRAMAL SHARMA
245
_a
PRACTICAL INORGANIC PHARMACEUTICAL CHEMISTRY
260
_b
BIRLA PUBLISHER
300
_a
174
650
_a
CHEMISTRY
942
_2
ddc
_c
BK
_0
1
999
_c
7055
_d
7055